000 00834npm a2200253 i 4500
001 5184
003 ES-MaACL
005 20230908135404.0
007 hzrazu bucu
008 900420r19901832xxk a 00010 eng d
080 _a617(05)(421.2)
080 _a61(05)(421.2)
080 _a05(42)
245 0 4 _aThe Medico chirurgical review and Journal of practical medicine...
_b: [Microforma].
260 _aMadrid :
_bAteneo Cientifico, Literario y Artistico,
_c1990.
300 _a1 carrete microfilme :
_bnegativo ;
_c16 mm.
500 _aPublicado originalmente: London, S. Highley, 1832-1833, periodicidad semestral.
505 8 _a1832 a 1833
650 1 4 _aObras de 1800.
_915662
852 _aES-MaACL
_jMC-397
_95301
_cDEPO1
942 _2udc
_cMICROFORMA
999 _c5184
_d5184